| 000 | 00712cab a2200217 4500 | ||
|---|---|---|---|
| 001 | WB3341-48 | ||
| 008 | 090401t1997 xxu||||| |||| 00| 0 eng d | ||
| 035 | _a(Sirsi) u81618 | ||
| 041 | _aeng | ||
| 245 | _aDirectors may join the chartering classes | ||
| 260 | _c1997 | ||
| 350 | _a0 | ||
| 490 |
_aFinancial Times _v21 October 1997, 8(1) |
||
| 520 | _aThe Institute of Directors is seeking to establish professional qualifications that may lead to a `chartered director` status. | ||
| 650 | _aCHARTERED DESIGNATIONS | ||
| 650 | _aINSTITUTE OF DIRECTORS | ||
| 650 | _aPROFESSIONAL QUALIFICATIONS | ||
| 690 | _aMANAGEMENT-BUSINESS MANAGEMENT-PROFESSIONAL PRACTICE | ||
| 942 | _n0 | ||
| 948 | _c22/10/1997 | ||
| 999 |
_c51437 _d51437 |
||